| 000 | 00492nam a2200193Ia 4500 | ||
|---|---|---|---|
| 003 | OSt | ||
| 005 | 20240809164331.0 | ||
| 008 | 210210b1966 xxu||||| |||| 00| 0 eng d | ||
| 040 | _cAL | ||
| 041 | _akan | ||
| 082 | _aK894.3 MURV | ||
| 100 |
_aMURTI (M N): ಮೂರ್ತಿ (ಮ ನ) _9176259 |
||
| 245 |
_aVasundhare: _bವಸುಂಧರೆ |
||
| 260 |
_aMaisuru _bHemanta Sahitya _c1966 |
||
| 300 | _a120 | ||
| 690 |
_aKannada Fiction _9176260 |
||
| 906 | _a026936 | ||
| 942 |
_2ddc _cBK |
||
| 999 |
_c78240 _d78240 |
||